| 000 | 01040nam a2200313 i 4500 | ||
|---|---|---|---|
| 001 | 000032585 | ||
| 003 | DO-SdBNP | ||
| 005 | 20260525190431.0 | ||
| 007 | ta | ||
| 008 | 110719s2012 dr 000 0 spa d | ||
| 020 | _a9789945455762 | ||
| 040 |
_aDO-SdBNP _bspa _cBNPHU _erda |
||
| 041 | _aspa | ||
| 082 | 4 |
_aRD861.44 _bG643 _223 |
|
| 100 | 1 |
_aGonzález, Milady, _eautor _4aut. _942934 |
|
| 245 | 1 | 0 |
_aAbrazada a un árbol / _cMilady González. |
| 264 | 4 |
_aSan Juan, Puerto Rico : _aSanto Domingo : _aLa Habana : _bEditorial Isla Negra, _c©2012. |
|
| 300 |
_a76 páginas ; _c22 cm |
||
| 336 |
_atexto _btxt _2rdacontent |
||
| 337 |
_asin mediación _bn _2rdamedia |
||
| 338 |
_avolumen _bnc _2rdacarrier |
||
| 490 | 1 | _aColección Josemilio González | |
| 500 | _aIncluye datos biográficos del autor en las solapas | ||
| 586 | _aPremio 2012, Miriam Beras porrata : poeta universitaria | ||
| 590 | _aInventariado, 2025/BT | ||
| 650 | 7 |
_2lemb _aPoes{ia dominicana _989738 |
|
| 650 | 7 |
_2lemb _aLiteratura dominicana |
|
| 942 |
_2ddc _cLBS1 |
||
| 999 |
_c32076 _d32076 |
||